000 01213nam a2200241 a 4500
001 BS0001720
003 BR-BrBNA
005 20230418191825.0
008 230308b |||||||| |||| 00| 0 por d
040 _aBR-BrBNA
_bpor
_cBiblioteca Nacional de Agricultura
041 _apor
072 _aB60
090 _aB60 BS0001720
100 1 _aWalters, Vernon Anthony.
245 1 _aMissões silenciosas /
260 3 _aRio de Janeiro, RJ:
_bBiblioteca do Exército,
_c1986.
300 _a574 p.
500 _aTítulo Orginal: Silente Mossions. Tradução de Heitor A. Herrera..
520 3 _aDurante 35 anos Vernon Walters, autor de Missões Silenciosas viveu no centro dos grandes acontecimentos mundiais. Foi o intérprete, pessoa da estrita confiança e conselheiro de cinco presidentes americanos, trabalhador dedicado e astuto diplomata. Neste seu livro de memórias é recriado o passado histórico recente e focalizadas as lições, que ele encerra, proporcionando-nos uma visão abrangente das circunstâncias, tanto quanto de estadistas e políticos, que influíram no destino do mundo durante mais de três décadas.
650 _aBIOGRAFIA
909 _a202304
_bSergio Santos
_c56
_dSergio Santos
942 _cBK
999 _c6780
_d6780